Business multimedia explained : (Record no. 5330)

MARC details
000 -LEADER
fixed length control field 00771cam a2200217 a 4500
020 ## - INTERNATIONAL STANDARD BOOK NUMBER
ISBN 0875847188 (hc : alk. paper)
020 ## - INTERNATIONAL STANDARD BOOK NUMBER
ISBN 0875847722 (pb : alk. paper)
050 00 - CALL NUMBER
Classification number HD30.213
Item number .K43
100 1# - AUTHOR
Personal name Keen, Peter G. W.
245 10 - TITLE
Title Business multimedia explained :
Remainder of title a manager's guide to key terms & concepts /
Statement of responsibility, etc Peter G.W. Keen.
260 ## - PUBLICATION INFORMATION
Place of publication Boston, Mass. :
Name of publisher Harvard Business School Press,
Year of publication c1997.
300 ## - DESCRIPTION
Number of Pages ix, 379 p. :
Other physical details ill. ;
Dimensions 23 cm.
500 ## - NOTES
General note Includes index.
505 ## - FORMATTED CONTENTS NOTE
Table of Content preface<br/>Introduction<br/>Glossary<br/>Index<br/>About the author
650 #0 - SUBJECTS
Topical Term Management information systems.
650 #0 - SUBJECTS
Topical Term Multimedia systems.
650 #0 - SUBJECTS
Topical Term Business enterprises
General subdivision Computer networks.
650 #0 - SUBJECTS
Topical Term Internet.
650 #0 - SUBJECTS
Topical Term Telecommunication systems.
942 ## - ADDED ENTRY ELEMENTS (KOHA)
Koha item type Books
Holdings
Withdrawn status Lost status Collection code Home library Current library Shelving location Date acquired Full call number Accession Number Koha item type
    Reference Methodist University Library Main Methodist University Library Main General Stacks 20/08/2006 HD30.213 .K43 25352 Books
Copyright © 2026  MUG Library